LIBRARY ONLINE CATALOGUE

Dictionary of Jesus and the gospels/ (Record no. 19493)

MARC details
000 -LEADER
fixed length control field 00504nam a22001457a 4500
008 - FIXED-LENGTH DATA ELEMENTS--GENERAL INFORMATION
fixed length control field 220916b |||||||| |||| 00| 0 eng d
020 ## - INTERNATIONAL STANDARD BOOK NUMBER
International Standard Book Number 0830824564
050 ## - LIBRARY OF CONGRESS CALL NUMBER
Classification number Ref BS2555.2
Item number .D53 2013 C.1
245 ## - TITLE STATEMENT
Title Dictionary of Jesus and the gospels/
Statement of responsibility, etc. Edited by Joel B. Green, Jeannine K. Brown & Nicholas Perrin
250 ## - EDITION STATEMENT
Edition statement 2nd ed.
260 ## - PUBLICATION, DISTRIBUTION, ETC. (IMPRINT)
Place of publication, distribution, etc. Downers Gove, Illinois
Name of publisher, distributor, etc. IVP Academic
Date of publication, distribution, etc. 2013
300 ## - PHYSICAL DESCRIPTION
Extent xxxi, 1088p.
650 ## - SUBJECT ADDED ENTRY--TOPICAL TERM
Topical term or geographic name as entry element Bible
Form subdivision Gospel Dictionaries
General subdivision Criticism, interpretation
942 ## - ADDED ENTRY ELEMENTS (KOHA)
Source of classification or shelving scheme Library of Congress Classification
Koha item type Reference
Holdings
Withdrawn status Lost status Source of classification or shelving scheme Not for loan Home library Current library Date acquired Cost, normal purchase price Inventory number Total Checkouts Full call number Barcode Date last seen Copy number Price effective from Koha item type
    Library of Congress Classification   Kabarak, Main Campus Kabarak, Main Campus 16/09/2022 4350.00 0907/2022   Ref BS2555.2 .D53 2013 C.1 032426 16/09/2022 C.1 16/09/2022 Reference